|
|
|
|
| LEADER |
00000nam a22000007a 4500 |
| 005 |
20190227122018.0 |
| 007 |
cr|||| |||| |
| 008 |
190227s2016 mx |||||s|||| 00||0 spa d |
| 020 |
|
|
|a 978-607-8447-77-0
|
| 035 |
|
|
|a 22728
|
| 040 |
|
|
|a vLex
|
| 090 |
|
|
|c 8472
|d 8472
|
| 100 |
1 |
|
|a Garca̕ Ramr̕ez, Sergio
|
| 245 |
1 |
2 |
|a La Constitucin̤ y el sistema penal
|h [Recurso electrn̤ico] :
|b 75 aǫs (1940-2015) /
|c Sergio Garca̕ Ramr̕ez
|
| 256 |
|
|
|a Servicio en ln̕ea
|
| 260 |
|
|
|a Ciudad de Mx̌ico:
|b Instituto Nacional de las Ciencias Penales,
|c 2016
|
| 300 |
|
|
|a 1 recurso electrn̤ico
|
| 506 |
1 |
|
|a Disponible solo en los productos indicados
|d vLex Global
|d vLex Global (Academic Edition, excluding Law Schools)
|d vLex Global (U.S. Academic Edition, Law Schools)
|d vLex Global (U.S. Academic Edition, excluding Law Schools)
|d vLex Global (Academic Edition, Law Schools)
|
| 650 |
0 |
4 |
|a Derecho Constitucional
|z Mx̌ico
|
| 650 |
0 |
4 |
|a Derecho Penal
|z Mx̌ico
|
| 740 |
0 |
|
|a vLex Libros (Servicio en ln̕ea)
|
| 856 |
4 |
0 |
|u http://vlex.com/source/constitucion-sistema-penal-75-a-os-22728
|z Acceso restringido
|
| 942 |
|
|
|c BOOK
|
| 999 |
0 |
|
|a Constitutional Law
|
| 999 |
0 |
|
|a Criminal Law
|